000 00198 a2200097 4500
001 1670
100 _aMayer, LA
245 _aSheet metal layout
260 _a
_bMc Graw Hill
_c
090 _c1207
_d1207
942 _aNUST-CAE
_cM
_c2303
999 _c236743
_d236743